Bursa'nın mahalleleri - Statistics

General Stats
  • This quiz has been taken 17 times
  • The average score is 68 of 1060
Answer Stats
% Correct
Bağlarbaşı Osmangazi
63%
Ata Gemlik
56%
Hamitler Osmangazi
56%
Cumhuriyet Büyükorhan | Gemlik | Mustafakemalpaşa | +2 others
50%
Esentepe Karacabey | Kestel | Nilüfer | +2 others
50%
Yeni Kestel | İnegöl | İznik
50%
23 Nisan Nilüfer
44%
Ataevler Nilüfer
44%
Beşevler Nilüfer
44%
Çeki Orhaneli
44%
Çekirge Osmangazi
44%
Dikkaldırım Osmangazi
44%
Esenevler Yıldırım
44%
Hürriyet Karacabey | Orhangazi | Osmangazi
44%
Kükürtlü Osmangazi
44%
Özlüce Büyükorhan | Nilüfer | İnegöl
44%
Şehreküstü Osmangazi
44%
Yeşil Yıldırım
44%
Zafer Gürsu | Osmangazi
44%
Arabayatağı Yıldırım
38%
Barış Mustafakemalpaşa | Nilüfer
38%
Çalı Nilüfer
38%
Demirtaşpaşa Osmangazi
38%
İhsaniye Nilüfer | İnegöl | İznik
38%
Odunluk Nilüfer
38%
Üçevler Nilüfer
38%
Yavuzselim Yıldırım
38%
152 Evler Yıldırım
31%
19 Mayıs Nilüfer
31%
Altınşehir Nilüfer
31%
Altıparmak Osmangazi
31%
Cuma Keles | İnegöl
31%
Cumalıkızık Yıldırım
31%
Davutdede Yıldırım
31%
Demirci Nilüfer | Orhaneli
31%
Duaçınarı Yıldırım
31%
Ertuğrul Nilüfer
31%
Fatih Orhangazi | Osmangazi | İnegöl
31%
Fethiye Nilüfer | Yenişehir
31%
Görükle Nilüfer
31%
Gümüştepe Nilüfer
31%
Hasanağa Nilüfer
31%
Kayapa Büyükorhan | Nilüfer
31%
Kirazlı Keles | Osmangazi
31%
Kültür Nilüfer
31%
Millet Yıldırım
31%
Osmangazi Osmangazi
31%
Sırameşeler Osmangazi
31%
Şirinevler Yıldırım
31%
Soğanlı Osmangazi
31%
Yunuseli Osmangazi
31%
Yüzüncüyıl Nilüfer | Yenişehir
31%
29 Ekim Nilüfer
25%
Akçalar Nilüfer
25%
Atatürk Mustafakemalpaşa
25%
Atlas Nilüfer
25%
Balkan Nilüfer
25%
Gazi Karacabey
25%
Geçit Osmangazi
25%
Kadriye Nilüfer
25%
Kale Kestel
25%
Karaca Harmancık
25%
Karaman Nilüfer
25%
Konak Nilüfer
25%
Kumla Gemlik
25%
Kurşunlu Gemlik | Karacabey | Mustafakemalpaşa | İnegöl
25%
Maksem Osmangazi
25%
Narlı Gemlik
25%
Nilüfer Osmangazi
25%
Sakarya Osmangazi | Yıldırım
25%
Tahtalı Nilüfer
25%
Tirilye Mudanya
25%
Ulu Osmangazi
25%
Yaylacık Mudanya | Nilüfer
25%
Yiğit İnegöl
25%
Akpınar Harmancık | Osmangazi
19%
Alemdar Osmangazi
19%
Altınova Osmangazi
19%
Armutköy Osmangazi
19%
Ayvaköy Nilüfer
19%
Bademli Mudanya
19%
Bahar Osmangazi
19%
Balaban Büyükorhan | Yıldırım
19%
Balat Nilüfer
19%
Büyükbalıklı Nilüfer
19%
Büyükkumla Gemlik
19%
Çamlıca Karacabey | Mustafakemalpaşa | Nilüfer
19%
Çiftehavuzlar Osmangazi
19%
Demirkapı Osmangazi
19%
Dere Mustafakemalpaşa
19%
Dumlupınar Nilüfer | Osmangazi
19%
Eğitim Yıldırım
19%
Emek Adnan Menderes Osmangazi
19%
Fidyekızık Yıldırım
19%
Gökçe Nilüfer
19%
Gölyazı Nilüfer
19%
Gülbahçe Osmangazi | İnegöl
19%
Güneştepe Osmangazi
19%
Güngören Nilüfer
19%
İstiklal Gürsu | Osmangazi
19%
Kaplıkaya Yıldırım
19%
Karacaoba Nilüfer
19%
Kemalpaşa İnegöl
19%
Kızılcıklı Nilüfer
19%
Küçükbalıklı Osmangazi
19%
Marmaracık Yenişehir
19%
Merkez Harmancık
19%
Mesudiye Mudanya | İnegöl
19%
Mimarsinan Yıldırım
19%
Minareliçavuş Nilüfer
19%
Panayır Osmangazi
19%
Samanlı Yıldırım
19%
Selimiye Karacabey | Mustafakemalpaşa | Osmangazi | Yenişehir
19%
Sinandede Yıldırım
19%
Siteler Yıldırım
19%
Üçpınar Nilüfer
19%
Unçukuru Nilüfer
19%
Vatan Yıldırım
19%
Yenice Büyükorhan | Karacabey | Keles | +2 others
19%
Yeniceabat Osmangazi
19%
Yenikent Osmangazi
19%
30 Ağustos Zafer Nilüfer
13%
Adalet Mustafakemalpaşa | Osmangazi
13%
Ahmetpaşa Osmangazi
13%
Ahmetyesevi Nilüfer
13%
Alaaddinbey Nilüfer
13%
Atıcılar Osmangazi
13%
Ayaz Mustafakemalpaşa | Yenişehir
13%
Aydınpınar Mudanya
13%
Balabancık Mudanya
13%
Balıkpazarı Gemlik
13%
Başköy Nilüfer | Orhaneli
13%
Beyazıt Yıldırım
13%
Çağrışan Mudanya
13%
Çamlık Mudanya
13%
Çaylı Nilüfer
13%
Çınarönü Yıldırım
13%
Çirişhane Osmangazi
13%
Çırpan Mustafakemalpaşa | Osmangazi
13%
Dağyenice Nilüfer
13%
Dereçavuş Osmangazi
13%
Derekızık Kestel
13%
Dobruca Osmangazi
13%
Doğanköy Nilüfer
13%
Dürdane Osmangazi
13%
Elmasbahçeler Osmangazi
13%
Emek Fatih Sultan Mehmet Osmangazi
13%
Erenler Orhaneli
13%
Erikli Yıldırım
13%
Eskikaraağaç Karacabey
13%
Gökçeören Osmangazi
13%
Gündoğdu Mustafakemalpaşa | Osmangazi
13%
Hacıvat Yıldırım
13%
Hamzabey Mustafakemalpaşa | Osmangazi | İnegöl
13%
İnkaya Karacabey | Osmangazi
13%
İrfaniye Nilüfer
13%
Kavaklı Osmangazi | Yenişehir
13%
Kayhan Gemlik | Osmangazi
13%
Korubaşı Nilüfer
13%
Küplüpınar Osmangazi
13%
Kuruçeşme Nilüfer | Osmangazi
13%
Maksempınarı Nilüfer
13%
Mehmet Akif Osmangazi
13%
Mollafenari Osmangazi
13%
Mütareke Mudanya
13%
Nalbant Harmancık
13%
Nalbantoğlu Osmangazi
13%
Namıkkemal Osmangazi
13%
Nasrettin Karacabey
13%
Orhan Büyükorhan
13%
Orta Mustafakemalpaşa
13%
Ovaakça Eğitim Osmangazi
13%
Pınarbaşı Osmangazi
13%
Santral Garaj Osmangazi
13%
Soğukkuyu Osmangazi
13%
Süle İnegöl
13%
Yeşilova Mustafakemalpaşa | Osmangazi
13%
Yeşilyayla Yıldırım
13%
Yiğitali Osmangazi
13%
Yiğitler Yıldırım
13%
Yıldırım Yenişehir | Yıldırım
13%
Yunusemre Mustafakemalpaşa | Yıldırım | İnegöl
13%
Zümrütevler Yıldırım
13%
Adaköy Gürsu | Mustafakemalpaşa
6%
Ağaköy Gürsu
6%
Akçağlayan Yıldırım
6%
Akıncılar İnegöl
6%
Aksu Kestel
6%
Alacahırka Osmangazi
6%
Alaçam Kestel
6%
Alacamescit Osmangazi
6%
Alaşar Osmangazi
6%
Altıntaş Mudanya | Orhaneli
6%
Avdan Keles
6%
Avdancık Osmangazi
6%
Babasultan Kestel
6%
Bağlaraltı Yıldırım
6%
Basak Keles
6%
Başaran Osmangazi
6%
Boyalıca İznik
6%
Çatalağıl Nilüfer
6%
Çeltikköy Osmangazi
6%
Çivili Orhaneli
6%
Çukur Keles
6%
Çukurcaköy Osmangazi
6%
Dağesemen Karacabey
6%
Davutkadı Yıldırım
6%
Değirmenönü Yıldırım
6%
Doğanbey Osmangazi
6%
Elbeyli İznik
6%
Emirsultan Karacabey | Yıldırım
6%
Esence Mudanya
6%
Fadıllı Nilüfer
6%
Gaziakdemir Osmangazi
6%
Gençali Gemlik
6%
Gölbaşı Kestel
6%
Gölcük Kestel
6%
Göllüce İznik
6%
Gölyaka Orhangazi
6%
Gönü Karacabey
6%
Göynükbelen Orhaneli
6%
Güllüce Mustafakemalpaşa
6%
Gümüşpınar Orhaneli
6%
Güzelyalı Burgaz Mudanya
6%
Güzelyalı Eğitim Mudanya
6%
Güzelyalı Siteler Mudanya
6%
Hacı İlyas Osmangazi
6%
Hamamlı İnegöl
6%
Hamamlıkızık Yıldırım
6%
Harmanlı Karacabey
6%
Haydariye Gemlik
6%
Hayriye Yenişehir | İnegöl
6%
Hocaalizade Osmangazi
6%
Hocahasan Büyükorhan | Osmangazi
6%
Huzur İnegöl
6%
İncirli Yenişehir
6%
İnegazi Nilüfer
6%
İntizam Osmangazi
6%
İsabey Yıldırım
6%
İsmetiye Büyükorhan | Osmangazi
6%
İsmetpaşa Karacabey | Orhaneli
6%
İvazpaşa Osmangazi
6%
Karaağaç Yıldırım
6%
Karacaali Gemlik | Yenişehir
6%
Karıncalı Orhaneli
6%
Kazancı Kestel
6%
Kazanpınar Mustafakemalpaşa
6%
Kemaliye Keles
6%
Kemerçeşme Osmangazi
6%
Kirazlıyayla Yenişehir
6%
Kırcaali Osmangazi
6%
Kiremitci Osmangazi
6%
Konaklı Nilüfer
6%
Küçükdeliller Osmangazi
6%
Küçükkumla Gemlik
6%
Kumkadı Mustafakemalpaşa
6%
Kumlukalan Gürsu
6%
Kurtul Gemlik
6%
Kurtuluş Gürsu | Nilüfer | Yenişehir
6%
Maltepe Yıldırım
6%
Mevlana Yıldırım
6%
Mollaarap Yıldırım
6%
Mollagürani Osmangazi
6%
Muradiye Orhangazi | Osmangazi
6%
Mürseller Osmangazi
6%
Musababa Yıldırım
6%
Müşküle İznik
6%
Mustafa Kemal Paşa İznik
6%
Nalınlar Orhaneli
6%
Narlıca Orhangazi
6%
Narlıdere Kestel
6%
Ortaköy Orhaneli | Orhangazi | İnegöl
6%
Ovaesemen Karacabey
6%
Piremir Yıldırım
6%
Şahinköy Karacabey
6%
Şahmelek Karacabey
6%
Seçköy Osmangazi
6%
Şehitler İnegöl
6%
Selamet Osmangazi
6%
Selçuk İznik
6%
Selçukgazi Osmangazi
6%
Serme Kestel
6%
Şevketiye Kestel | Mustafakemalpaşa
6%
Soğukpınar Mustafakemalpaşa
6%
Soğukpınar B.M Osmangazi
6%
Söğüt Orhaneli
6%
Söğütpınar Mudanya
6%
Şükraniye Yıldırım
6%
Şükriye Gemlik | Orhaneli
6%
Süleymanbey Orhaneli
6%
Süleymaniye Yenişehir | İnegöl | İznik
6%
Tahtakale Osmangazi
6%
Tayakadın Osmangazi
6%
Teferrüç Yıldırım
6%
Tuna Osmangazi
6%
Tuzaklı Osmangazi
6%
Tuzpazarı Osmangazi
6%
Ülkü Mudanya
6%
Uluabat Karacabey
6%
Ulus Yıldırım
6%
Umurbey Gemlik | Yıldırım
6%
Vakıf Yıldırım
6%
Yaman Mudanya
6%
Yenibağlar Osmangazi
6%
Yenikaraağaç Karacabey
6%
Yenikaraman Osmangazi
6%
Yolçatı Nilüfer
6%
300 Evler Orhaneli
0%
75. yıl Yıldırım
0%
Abdullahpaşa Karacabey
0%
Adliye Gemlik
0%
Afşar Yenişehir
0%
Ağaçhisar Orhaneli
0%
Ağaçlı Mustafakemalpaşa
0%
Ağlaşan Kestel
0%
Ahmetbey Osmangazi
0%
Ahmet Vefik Paşa Kestel
0%
Akalan Orhaneli
0%
Akarca Mustafakemalpaşa
0%
Akbaşlar İnegöl
0%
Akbıyık Yenişehir
0%
Akçabük Orhaneli
0%
Akçakoyun Karacabey
0%
Akçapınar Keles | Mustafakemalpaşa | Yenişehir
0%
Akçasaz Büyükorhan
0%
Akçasusurluk Karacabey
0%
Akdere Yenişehir
0%
Akharım Orhangazi
0%
Akhisar Karacabey | İnegöl
0%
Akköy Mudanya
0%
Aksungur Osmangazi
0%
Aktarhüssam Osmangazi
0%
Aktaş Büyükorhan
0%
Alacaat Mustafakemalpaşa
0%
Alattin Osmangazi
0%
Alaylı Yenişehir
0%
Alibey İnegöl
0%
Alipaşa Osmangazi
0%
Aliseydi Mustafakemalpaşa
0%
Alpağut Keles | Mustafakemalpaşa
0%
Alutça Harmancık
0%
Anadolu Yıldırım
0%
Aralık Mustafakemalpaşa
0%
Arapzade Orhangazi
0%
Argın Orhaneli
0%
Arız Karacabey
0%
Armutçuk Büyükorhan
0%
Aşağıbalı Mustafakemalpaşa
0%
Aşağıballık İnegöl
0%
Atariye Mustafakemalpaşa
0%
Aydınlar İznik
0%
Aydoğdu Yenişehir
0%
Babaoğlu İnegöl
0%
Bademlik Büyükorhan
0%
Badırga Nilüfer
0%
Bağlı Osmangazi
0%
Bahariye Mustafakemalpaşa | İnegöl
0%
Bahçekaya İnegöl
0%
Bakırköy Mahallesi Karacabey
0%
Balatdanişment Harmancık
0%
Balıoğlu Orhaneli
0%
Ballıkaya Karacabey
0%
Ballısaray Harmancık
0%
Barakfakih Kestel
0%
Baraklı Keles
0%
Barcın Yenişehir
0%
Baruthane Yıldırım
0%
Bayındır Büyükorhan | İznik
0%
Bayırköy Orhangazi
0%
Baykoca İnegöl
0%
Bayramdere Karacabey
0%
Bayramşah İnegöl
0%
Behramköy Mustafakemalpaşa
0%
Bekdemirler Harmancık
0%
Belenoluk Orhaneli
0%
Belenören Keles
0%
Beyler İznik
0%
Beylik Karacabey
0%
Beypınarı Yenişehir
0%
Bilalköy İnegöl
0%
Bıyıklıalanı Keles
0%
Boğazköy Karacabey | Mustafakemalpaşa | İnegöl
0%
Bostandere Mustafakemalpaşa
0%
Bükköy Mustafakemalpaşa
0%
Burcun Yenişehir
0%
Burhaniye Kestel | İnegöl
0%
Burunca Büyükorhan
0%
Büyükdeliler Osmangazi
0%
Çağlayan Osmangazi
0%
Çakallar Mustafakemalpaşa
0%
Çakırca İznik
0%
Çakırlı Orhangazi
0%
Çakıryenice Büyükorhan
0%
Çakmak Harmancık
0%
Çaltılıbük B.M Mustafakemalpaşa
0%
Camandar Mustafakemalpaşa
0%
Cambaz Karacabey
0%
Çamdibi İznik
0%
Camikebir Orhangazi
0%
Çamoğlu Harmancık
0%
Çamoluk İznik
0%
Çamönü Yenişehir
0%
Çampınar İznik
0%
Canbalı Karacabey
0%
Canbazlarköyü Gürsu
0%
Çandarlı İznik
0%
Çardak Yenişehir
0%
Çardakbelen Mustafakemalpaşa
0%
Çarıkköy Karacabey
0%
Çatak Orhaneli
0%
Çatalsöğüt Harmancık
0%
Çataltepe Kestel
0%
Çavuşköy Karacabey | Mustafakemalpaşa | İnegöl
0%
Çaybaşı Osmangazi
0%
Çayır Yenişehir
0%
Çayırlı Yenişehir
0%
Çaylıca İnegöl
0%
Çayönü Mudanya
0%
Çayyaka İnegöl
0%
Çekrice Mudanya
0%
Çelebi Yenişehir
0%
Çelebi Mehmet Yıldırım
0%
Celepler Orhaneli
0%
Çeltikçi Mustafakemalpaşa | Orhangazi | Yenişehir | İnegöl
0%
Cemiyet İnegöl
0%
Çepni Mudanya
0%
Çeribaşı Büyükorhan
0%
Cerrah İnegöl
0%
Çeşnigir Karacabey
0%
Çiçekli İznik
0%
Çiçeközü Yenişehir
0%
Çiftlikköy İnegöl
0%
Cihadiye Yenişehir
0%
Cihanköy Orhangazi
0%
Cihatlı Gemlik
0%
Çınarcık Orhaneli
0%
Çınarlı Mudanya
0%
Çitli İnegöl
0%
Çiviliçam Mustafakemalpaşa
0%
Çömlekçi Mustafakemalpaşa
0%
Çördük Mustafakemalpaşa
0%
Çöreler Orhaneli
0%
Dağakçaköy Osmangazi
0%
Dağdemirciler Keles
0%
Dağdibi Keles
0%
Dağgüney Orhaneli
0%
Dağkadı Karacabey
0%
Dallıca Mustafakemalpaşa
0%
Danaçalı Büyükorhan
0%
Danacılar Büyükorhan
0%
Danişment Karacabey
0%
Davutlar Keles
0%
Dedebalı Harmancık
0%
Dedeköy Mudanya
0%
Dedeler Keles
0%
Değirmenlikızık Yıldırım
0%
Deliballılar Orhaneli
0%
Delice Keles
0%
Delicegüney Harmancık
0%
Demetevler Yıldırım
0%
Demirboğa Yenişehir
0%
Demirdere Mustafakemalpaşa
0%
Demireli Mustafakemalpaşa
0%
Demirler Büyükorhan
0%
Demirsubaşı Gemlik
0%
Demirtaş Barbaros Osmangazi
0%
Demirtaş Cumhuriyet Osmangazi
0%
Demirtaş Sakarya Osmangazi
0%
Denizler Keles
0%
Derbent İznik
0%
Derecik Büyükorhan | Mustafakemalpaşa
0%
Derekadı Mustafakemalpaşa
0%
Dereköy Mudanya | Orhaneli | Yenişehir | İznik
0%
Devecikonağı B.M Mustafakemalpaşa
0%
Deydinler İnegöl
0%
Dipsizgöl İnegöl
0%
Dırazali İznik
0%
Dışkayaköyü Gürsu
0%
Doğanalan Mustafakemalpaşa
0%
Doğancı Mustafakemalpaşa | Osmangazi
0%
Doğanevler Osmangazi
0%
Doğanyurdu İnegöl
0%
Doğla Karacabey
0%
Döllük Mustafakemalpaşa
0%
Dömez İnegöl
0%
Dorak Mustafakemalpaşa
0%
Drama Karacabey
0%
Dr.Ziya Kaya Gemlik
0%
Dudaklı Kestel
0%
Düğüncüler Büyükorhan
0%
Dündarköy Orhaneli
0%
Durak Keles
0%
Durhasan Büyükorhan
0%
Durumtay Mustafakemalpaşa
0%
Dutluca Harmancık | Orhangazi
0%
Düvenli Keles
0%
Ebeköy Yenişehir
0%
Ebu İshak Osmangazi
0%
Ece Harmancık
0%
Edebey İnegöl
0%
Eğerce Yenişehir
0%
Ekinli Karacabey
0%
Ekmekçi Karacabey
0%
Elekçalı Büyükorhan
0%
Elmaçayır İnegöl
0%
Elmaçukur Osmangazi
0%
Elmalı İznik
0%
Emek Zekai Gümüşdiş Osmangazi
0%
Emirköy Orhaneli
0%
Emirleryenicesi Mudanya
0%
Engürücük Gemlik
0%
Epçeler Keles
0%
Erdoğan Kestel
0%
Ericek Büyükorhan
0%
Ericekköyü Gürsu
0%
Ertuğrulgazi Keles | Yıldırım | İnegöl
0%
Esenköy İnegöl
0%
Eski Bahçekaya İnegöl
0%
Eskibalçık Mustafakemalpaşa
0%
Eskidanişment Orhaneli
0%
Eskikaracakaya İnegöl
0%
Eskikızılelma Mustafakemalpaşa
0%
Eskiköy İnegöl
0%
Eskisarıbey Karacabey
0%
Eşref Dinçer Gemlik
0%
Eşrefzade İznik
0%
Evciler Mudanya
0%
Eyerci Mudanya
0%
Eymir İnegöl
0%
Fadılköy Orhaneli
0%
Fevzidede Mustafakemalpaşa
0%
Fevzipaşa Karacabey | Orhaneli
0%
Fevziye Gemlik | İnegöl
0%
Fındıcak Gemlik | Mustafakemalpaşa
0%
Fındıklı Orhangazi | İnegöl
0%
Firuzköy Orhaneli
0%
Garipçe Karacabey
0%
Garipçetekke Mustafakemalpaşa
0%
Gazelli İnegöl
0%
Gazioluk Orhaneli
0%
Gazipaşa Orhaneli
0%
Gedelek Orhangazi
0%
Gedikler Büyükorhan
0%
Gedikören Harmancık
0%
Gedikpınar İnegöl
0%
Gelemiç Keles
0%
Gemiç Orhangazi
0%
Geynik Büyükorhan
0%
Girencik Orhaneli
0%
Gökçeler Harmancık
0%
Gökçesu Yenişehir
0%
Gököz Keles
0%
Göktepe Orhaneli
0%
Gölecik Karacabey
0%
Gölkıyı Karacabey
0%
Göynüklü Mudanya
0%
Gözede Kestel
0%
Güller Mustafakemalpaşa
0%
Güllük Yıldırım
0%
Gülözü Harmancık
0%
Gündoğan Yenişehir
0%
Gündüzlü İnegöl
0%
Günece Yenişehir
0%
Güneybayırı Osmangazi
0%
Güneybudaklar Osmangazi
0%
Güneykestane İnegöl
0%
Güngörmez Karacabey
0%
Gürle Orhangazi
0%
Gürmüzlü İznik
0%
Güveçdere Mustafakemalpaşa
0%
Güvem Mustafakemalpaşa
0%
Güvenli Gemlik
0%
Güzelyalı Yalı Mudanya
0%
Güzelyurt İnegöl
0%
Hacıahmet Mustafakemalpaşa
0%
Hacıahmetler Büyükorhan
0%
Hacıali Mustafakemalpaşa
0%
Hacıkara İnegöl
0%
Hacılar Büyükorhan
0%
Hacıosman İznik
0%
Hacıseyfettin Yıldırım
0%
Halhalca İnegöl
0%
Halitpaşa Gemlik | Mudanya
0%
Hamidiye Gemlik | Karacabey | Mustafakemalpaşa | İnegöl
0%
Hamidiyeköy Gemlik
0%
Hamidiyeköyü Mustafakemalpaşa
0%
Hamitabat İnegöl
0%
Hamzalı Orhangazi
0%
Hançerli Mudanya
0%
Harmanalanı Keles
0%
Harmancık akalan Harmancık
0%
Harmancık demirci Keles
0%
Hasanbey Mudanya
0%
Hasanköy Gürsu
0%
Hasanpaşa İnegöl
0%
Hasköy Mudanya
0%
Haydarköy Keles
0%
Hayırlar Karacabey
0%
Heceler Orhangazi
0%
Hemşeriler Büyükorhan
0%
Hereke Keles
0%
Hıdırbali Yenişehir
0%
Hilmiye İnegöl
0%
Hisar Gemlik
0%
Hisaraltı Mustafakemalpaşa
0%
Hisardere İznik
0%
Hocaköy İnegöl | İznik
0%
Hocataşkın Yıldırım
0%
Hopandanişment Harmancık
0%
Hotanlı Karacabey
0%
Hüdavendigar Karacabey | Osmangazi
0%
Hüseyinalanı Osmangazi
0%
İbrahimpaşa Osmangazi
0%
İclaliye İnegöl
0%
İğdirköyü Gürsu
0%
İkizce Karacabey
0%
İkizoluk Orhaneli
0%
Ilıcaksu Harmancık
0%
İlyasçılar Mustafakemalpaşa
0%
İncealipınar Mustafakemalpaşa
0%
İnikli İznik
0%
İpekyayla Mudanya
0%
İpekyolu Gürsu
0%
İsaören İnegöl
0%
İshaklar Harmancık
0%
Işıklar Mustafakemalpaşa
0%
Işıklı Mudanya
0%
Işıktepe Nilüfer
0%
Issızören Keles
0%
Kabaklar Orhaneli
0%
Kabulbaba Mustafakemalpaşa
0%
Kadıköy Orhaneli
0%
Kadirçeşme Mustafakemalpaşa
0%
Kapaklıoluk Mustafakemalpaşa
0%
Karaağız Büyükorhan
0%
Karaamca Yenişehir
0%
Karaardıç Keles
0%
Karabahadır Yenişehir
0%
Karabalçık Osmangazi
0%
Karabekirpaşa Orhaneli
0%
Karacaahmet Karacabey | Yenişehir
0%
Karacalar Mustafakemalpaşa
0%
Karaçukur Büyükorhan
0%
Karagölet İnegöl
0%
Karahasanlar İnegöl
0%
Karahıdırköyü Gürsu
0%
Karaislah Osmangazi
0%
Karakadı İnegöl
0%
Karakoca Karacabey
0%
Karaköy Mustafakemalpaşa | Yenişehir
0%
Karalar Büyükorhan | İnegöl
0%
Karamazak Yıldırım
0%
Karaoğlan Mustafakemalpaşa
0%
Karaoğlanlar Orhaneli
0%
Karaorman Mustafakemalpaşa
0%
Karapınar Mustafakemalpaşa | Yıldırım
0%
Karasiköy Orhaneli
0%
Karasıl Yenişehir
0%
Karasu Karacabey
0%
Karatekin İznik
0%
Karsak Orhangazi
0%
Katırlı Gemlik
0%
Kayabaşı Mustafakemalpaşa
0%
Kayacık Kestel
0%
Kayapınar İnegöl
0%
Kaymakoba Mudanya
0%
Kaynarca İznik
0%
Kazıklıköyü Gürsu
0%
Kazımkarabekir Yıldırım
0%
Kedikaya Karacabey
0%
Keltaş Mustafakemalpaşa
0%
Kepekdere Harmancık
0%
Keramet Orhangazi
0%
Keşlik Karacabey
0%
Kestanealanı İnegöl
0%
Kestelek Mustafakemalpaşa
0%
Kıblepınar Yenişehir
0%
Kıçmanlar Harmancık
0%
Kılavuzlar Harmancık
0%
Killik Mustafakemalpaşa
0%
Kınık Büyükorhan | İnegöl
0%
Kıran İnegöl
0%
Kıran ışıklar Keles
0%
Kıranlar Karacabey
0%
Kırıntı İznik
0%
Kızılhisar Yenişehir
0%
Kızılköy Yenişehir
0%
Kocakonak İnegöl
0%
Kocakoru Mustafakemalpaşa
0%
Kocakovacık Keles
0%
Kocanaip Osmangazi
0%
Kocapınar Harmancık
0%
Koçu Orhaneli
0%
Kömürcükadı Mustafakemalpaşa
0%
Konurlar İnegöl
0%
Köprühisar Yenişehir
0%
Körekem Mustafakemalpaşa
0%
Kösehoroz Mustafakemalpaşa
0%
Kosova Mustafakemalpaşa
0%
Koşuboğazı Mustafakemalpaşa
0%
Kovukçınar Osmangazi
0%
Koyunhisar Yenişehir
0%
Kozbudaklar Keles
0%
Kozdere Yenişehir
0%
Kozluca Harmancık | İnegöl
0%
Kozluören Kestel
0%
Küçükkaraağaç Karacabey
0%
Küçükkavacık Keles
0%
Küçükorhan Orhaneli
0%
Küçükyenice Mudanya | İnegöl
0%
Kulaca İnegöl
0%
Kulakpınar Karacabey
0%
Kumyaka Mudanya
0%
Kurtoğlu Yıldırım
0%
Kuşlar Büyükorhan
0%
Kusumlar Orhaneli
0%
Kutluca İznik
0%
Lalaşahin Mustafakemalpaşa
0%
Letafet Orhaneli
0%
Lütfiye Kestel | Mustafakemalpaşa | İnegöl
0%
Madenköy İnegöl
0%
Mahaller Orhaneli
0%
Mahmudiye Orhangazi | Yenişehir | İnegöl | İznik
0%
Mahmuriyet Karacabey
0%
Mahmut Çelebi İznik
0%
Mazlumlar Büyükorhan
0%
Mecidiye Karacabey | Yenişehir | İznik
0%
Mehmet Akif Ersoy Yıldırım
0%
Melik Mustafakemalpaşa
0%
Menteşe Keles | Yenişehir
0%
Meydancık Yıldırım
0%
Mezit İnegöl
0%
Mirzaoba Mudanya
0%
Muradiyesarnıç Mustafakemalpaşa
0%
Muratbey İnegöl
0%
Muratlı Karacabey
0%
Muratoba Gemlik
0%
Mürselköy Mudanya
0%
Mustafalı İznik
0%
Namazgah Yıldırım
0%
Nüzhetiye Kestel
0%
Ocaklı Mustafakemalpaşa
0%
Okçular Harmancık | Karacabey
0%
Olukman İnegöl
0%
Ömeraltı Mustafakemalpaşa
0%
Ömerbey Mudanya
0%
Ömerli İznik
0%
Onaç Mustafakemalpaşa
0%
Örencik Büyükorhan | Karacabey
0%
Orhanbey Osmangazi
0%
Orhaniye Gemlik | Karacabey | Kestel | +5 others
0%
Ormankadı Mustafakemalpaşa
0%
Örnekköy Orhangazi
0%
Ortabağlar Yıldırım
0%
Ortasarıbey Karacabey
0%
Osmaniye Gemlik | Kestel | Mustafakemalpaşa | +3 others
0%
Osmaniyeköy İnegöl
0%
Osmanlar Büyükorhan
0%
Ovaakça Çeşmebaşı Osmangazi
0%
Ovaakça Merkez Osmangazi
0%
Ovaakça Santral Osmangazi
0%
Ovaazatlı Mustafakemalpaşa
0%
Ova Hamidiye Karacabey
0%
Papatya Yenişehir
0%
Paşalar Mustafakemalpaşa
0%
Paşaören İnegöl
0%
Paşapınar Orhangazi
0%
Paşayayla Yenişehir
0%
Perçin Büyükorhan
0%
Pınarcık Keles
0%
Pınarköy Büyükorhan
0%
Pirebeyler Büyükorhan
0%
Reşadiye Yenişehir
0%
Reyhan Osmangazi
0%
Runguçpaşa Karacabey
0%
Rüştiye İnegöl
0%
Saadet Karacabey | İnegöl
0%
Saçaklı Harmancık
0%
Sadağı Orhaneli
0%
Şahinyurdu Gemlik
0%
Saitabat Kestel
0%
Sansarak İznik
0%
Şapçı Mustafakemalpaşa
0%
Sarıağıl İznik
0%
Sarımustafalar Mustafakemalpaşa
0%
Sarıpınar İnegöl
0%
Sarnıçköy Büyükorhan
0%
Sayfiye Kestel
0%
Sazlıca Karacabey
0%
Seferışıklar Osmangazi
0%
Şehabettinpaşa Osmangazi
0%
Şehriman Mustafakemalpaşa
0%
Selçukbey Yıldırım
0%
Selimzade Yıldırım
0%
Semerci Orhaneli
0%
Serçeler Orhaneli
0%
Şerefiye Mustafakemalpaşa | İznik
0%
Şeyhmüftü Mustafakemalpaşa
0%
Seymen Kestel
0%
Seyran Karacabey
0%
Sinanbey İnegöl
0%
Sincansarnıç Mustafakemalpaşa
0%
Şipali İnegöl
0%
Sırabademler Karacabey
0%
Sıracevizler Yıldırım
0%
Sırıl Orhaneli
0%
Sofular Keles
0%
Soğucak Mustafakemalpaşa
0%
Soğukdere İnegöl
0%
Soğuksu Kestel
0%
Söğütalan B.M Mustafakemalpaşa
0%
Sölöz Orhangazi
0%
Sorgun Keles
0%
Söylemiş Yenişehir
0%
Subaşı Karacabey | Yenişehir
0%
Şükrüçavuş Mudanya
0%
Sulhiye İnegöl
0%
Sultaniye Karacabey | İnegöl
0%
Sülüklügöl İnegöl
0%
Sungurpaşa İnegöl
0%
Sünlük Mustafakemalpaşa
0%
Süpürtü İnegöl
0%
Tabakhane Yenişehir
0%
Tabaklar Karacabey
0%
Tacir İznik
0%
Tahtaköprü İnegöl
0%
Taşköprü Mustafakemalpaşa
0%
Taşlık Karacabey
0%
Taşpınar Karacabey | Mustafakemalpaşa
0%
Tatkavaklı Mustafakemalpaşa
0%
Tavşanlı Karacabey
0%
Tekerler Büyükorhan
0%
Tekke Orhangazi
0%
Tekkeköy İnegöl
0%
Tepecik Mustafakemalpaşa | Orhaneli
0%
Terziler Yenişehir
0%
Tırnava Mustafakemalpaşa
0%
Tokuş İnegöl
0%
Tophisar Karacabey
0%
Toprakdere Yenişehir
0%
Toprakocak Yenişehir
0%
Topuk Orhaneli
0%
Tüfekçikonak İnegöl
0%
Turanköy Kestel
0%
Turgutalp İnegöl
0%
Turgutalpköy İnegöl
0%
Tuzla İnegöl
0%
Üçbeyli Mustafakemalpaşa
0%
Uğurlupınar Mustafakemalpaşa
0%
Uluçam Osmangazi
0%
Ulucami Yenişehir
0%
Ümitalanı Kestel
0%
Üreğil Orhangazi
0%
Ürünlü Nilüfer
0%
Uzunöz Keles
0%
Vanimehmet Kestel
0%
Veysel karani Osmangazi
0%
Vıraca Mustafakemalpaşa
0%
Yağcılar Keles
0%
Yağmurlu Kestel
0%
Yahşibey Osmangazi
0%
Yakuplar Orhaneli
0%
Yalıçiftlik Mudanya
0%
Yalıntaş Mustafakemalpaşa
0%
Yamanlı Mustafakemalpaşa
0%
Yarhisar Yenişehir
0%
Yarış Karacabey
0%
Yavelli Mustafakemalpaşa
0%
Yayabaşı Harmancık
0%
Yaylaçayır Mustafakemalpaşa
0%
Yazıbaşı Keles
0%
Yazılı Yenişehir
0%
Yediselviler Yıldırım
0%
Yenibalçık Mustafakemalpaşa
0%
Yeniceköy İnegöl
0%
Yenidanişment Orhaneli
0%
Yenidere Mustafakemalpaşa
0%
Yenidoğan Gürsu
0%
Yenigün Yenişehir
0%
Yenigürle Orhangazi
0%
Yenikızılelma Mustafakemalpaşa
0%
Yeniköy Gemlik | Orhangazi | Yenişehir | İnegöl
0%
Yenimahalle Gemlik | Karacabey | Mudanya | +2 others
0%
Yenisarıbey Karacabey
0%
Yenişerefiye İznik
0%
Yenisölöz Orhangazi
0%
Yeniyörük İnegöl
0%
Yeşilcami İznik
0%
Yeşildere Karacabey
0%
Yeşiller Orhaneli
0%
Yeşilyurt Harmancık
0%
Yılmaz Yenişehir
0%
Yolağzı Karacabey
0%
Yolören Yenişehir
0%
Yoncaağaç Mustafakemalpaşa
0%
Yörükler Orhaneli
0%
Yukarıbalı Mustafakemalpaşa
0%
Yukarıballık İnegöl
0%
Yumurcaklı Mustafakemalpaşa
0%
Yunuslar Keles
0%
Yürükali Mudanya
0%
Yürükler İznik
0%
Yürükyenicesi Mudanya
0%
Yüzbaşı Sabribey Mustafakemalpaşa
0%
Zaferiye Büyükorhan
0%
Zeyniler Yıldırım
0%
Züferbey Mustafakemalpaşa
0%
No matching quizzes found
Score Distribution
Percent of People with Each Score
Percentile by Number Answered
Your Score History
You have not taken this quiz